Z – generáció megérkezése a munka világába inspiráló utazás, vagy kapunyitási krízis?

Bibliográfiai részletek
Szerző: Bagi Adrienn
További közreműködők: Fekete-Frojimovics Dr. Zsófia
Dokumentumtípus: Diplomadolgozat
Kulcsszavak:fiatal munkavállalók
kapunyitási krízis
munkavállalás
pályaválasztás
Z-generáció
Online Access:http://dolgozattar.uni-bge.hu/59928

MARC

LEADER 00000nta a2200000 i 4500
001 dolg59928
005 20260409145746.0
008 260409suuuu hu om 000 hun d
040 |a BGE Dolgozattár Repozitórium  |b hun 
041 |a hu 
100 1 |a Bagi Adrienn 
245 1 0 |a Z – generáció megérkezése a munka világába  |b inspiráló utazás, vagy kapunyitási krízis?  |c Bagi Adrienn  |h [elektronikus dokumentum] 
520 3 |a Dolgozatom célkitűzése a kapunyitási krízis vizsgálata a 18 és 24 év közötti fiatalok körében . Témaválasztásomat többek között az is indokolta, hogy bár a kapunyitási pánik fogalma a mindennapokban és a médiában is elterjedt fogalom, mégis a szakirodalom ezen területe még „gyerekcipőben jár”. Arnett 2004-ben egy optimista nézőpontból írta le ezt az időszakot. Olyan életszakaszként jellemezte, ahol a lehetőségek száma nő, a döntéseket gyorsan, pillanatok alatt kell meghozni, valamint az identitás fejlődése még aktívan zajlik. E tekintetben gyakran tapasztalható énközpontúság és a bizonytalanság érzése is. Mivel az élet számos területén jelentős változások történnek, nem meglepő, hogy szorongás és depresszió is kialakulhat, amelyen segíthetne a kapunyitási pánik megoldása. Úgy vélem, hogy ez egy olyan generációs probléma, ami erősen kihat a mai fiatalok életére, valamint olyan generációs sajátosság, amit elsősorban mi a nagybetűs élet előtt álló fiatal felnőttek tudunk a legpontosabban meghatározni.Az alábbi kérdéseket fogom vizsgálni:1. Milyen típusú nehézségei vannak a megkérdezett korosztálynak a pályaválasztással, elhelyezkedéssel kapcsolatban?2. Mitől tartanak a fiatal munkavállalók a kapunyitási krízis során?3. Vannak –e nemi különbségek a kapunyitási krízis megjelenésénél? Melyik nemet érinti jobban?4. Melyek a munkavállalók legfontosabb igényei a munkahelyükön?5. Milyen segítségük van a kapunyitási krízisben?6. Mik a leggyakoribb okai a kapunyitási krízisnek a fiatal munkavállalóknál?Kutatásom során a pályakezdő fiatalokat és az első munkahelyükre készülő fiatalokat vizsgáltam. A kutatás alapjául kvantitatív megközelítést alkalmaztam, online kérdőíves felmérést végeztem a kijelölt célcsoport körében. A kutatás eredményei alapján megállapítható, hogy a válaszadók kevesebb, mint a fele ismeri a kapunyitási pánik jelenségét. A vizsgálat során kiderült, hogy többségük nem rendelkezik világos elképzeléssel arról, miként szeretné alakítani az életét, sokan úgy érzik, hogy az idő ellenük dolgozik. A pályaválasztással és elhelyezkedéssel kapcsolatban a fiatalok jellemzően internetes forrásokhoz, illetve családi és baráti támogatáshoz fordultak. Továbbá, a megkérdezett fiatalok többsége a munkahelyi környezetben felmerülő nehézségek közül a tapasztalat hiányára és az alacsony kezdő fizetésre hívta fel a figyelmet. 
695 |a fiatal munkavállalók 
695 |a kapunyitási krízis 
695 |a munkavállalás 
695 |a pályaválasztás 
695 |a Z-generáció 
700 1 |a Fekete-Frojimovics Dr. Zsófia  |e ths 
856 4 0 |u http://dolgozattar.uni-bge.hu/59928/1/Bagi_Adrienn_szakdolgozat_KVIK.pdf  |z Dokumentum-elérés 
856 4 0 |u http://dolgozattar.uni-bge.hu/59928/2/Bagi%20Adrienn_B%C3%ADr%C3%A1lati%20lap_BSc_BA_MSc_MA_2025.pdf  |z Dokumentum-elérés 
856 4 0 |u http://dolgozattar.uni-bge.hu/59928/3/BA%20b%C3%ADr%C3%A1lati%20lap%202025_BagiA_PED.pdf  |z Dokumentum-elérés